Quiz sur Iban Bagalciague - Statistiques

Statistiques générales
  • Ce quiz a été pris 8 fois
  • Le résultat moyen est 10 sur 16
Statistiques - réponses
Hint Réponse % Correct
Son alcool préféré Gin
100%
Prénom de sa mère Helene
100%
Lieu Mont de Marsan
100%
Club SASS
100%
Date de naissance 19/08/2004
86%
Nom d'un de ses chiens DroopyFino
71%
Son rappeur préféré Hugo TSR
71%
Sa place dans la promo 77
57%
De son père Benoit
57%
Mon signe astrologique Lion
57%
Prénom de son frère Quentin
57%
Sa boisson préférée Sprite
57%
Son plat préféré Poulet curry
14%
Son meilleur coup Sa soeur
14%
Mon pays préféré Sierra leone
14%
Le chinois Singe
14%
Aucun quiz correspondant
Distribution des résultats
% des personnes avec chaque résultat
Percentile par nombre de réponses
Votre historique - résultats
Vous n’avez pas pris ce quiz